[Event "Orsay Blitz op"]
[Site "Europe Echecs INT"]
[Date "2023.09.17"]
[Round "8"]
[White "Delpech, Frederic"]
[Black "Gaudin, Sebastien"]
[Result "1-0"]
[WhiteElo "2116"]
[BlackElo "1764"]
[PlyCount "85"]
[EventDate "2023.09.17"]
[EventType "swiss (blitz)"]
[EventRounds "11"]
[EventCountry "FRA"]
[SourceTitle "EXT 2025"]
[Source "ChessBase"]
[SourceDate "2024.10.14"]
[SourceVersion "1"]
[SourceVersionDate "2024.10.14"]
[SourceQuality "1"]

1. e4 Nf6 2. e5 Nd5 3. c4 Nb6 4. d4 d6 5. f4 dxe5 6. fxe5 Bf5 7. Nc3 e6 8. Be3 Nc6 9. Nf3 Be7 10. Be2 0-0 11. 0-0 f6 12. exf6 Bxf6 13. Qd2 Na5 14. b3 c5 15. dxc5 Qxd2 16. Bxd2 Nd7 17. b4 Nc6 18. a3 Rad8 19. Be1 Nd4 20. Nxd4 Bxd4+ 21. Kh1 Nf6 22. Rd1 Ne4 23. Nxe4 Bxe4 24. Rxf8+ Kxf8 25. Bf3 Bxf3 26. gxf3 e5 27. Kg2 Ke7 28. Bf2 g5 29. Bxd4 exd4 30. f4 gxf4 31. Kf3 Ke6 32. Kxf4 Kf6 33. Ke4 Re8+ 34. Kd3 Kg5 35. b5 Re3+ 36. Kxd4 Rxa3 37. c6 bxc6 38. bxc6 Ra6 39. Kc5 Ra5+ 40. Kd6 Ra6 41. Kd7 Ra4 42. Rd4 Ra2 43. c7 1-0

[Event "Orsay Blitz op"]
[Site "Europe Echecs INT"]
[Date "2023.09.17"]
[Round "3"]
[White "Delpech, Frederic"]
[Black "Osmak, Iulija"]
[Result "0-1"]
[WhiteElo "2116"]
[BlackElo "2449"]
[PlyCount "54"]
[EventDate "2023.09.17"]
[EventType "swiss (blitz)"]
[EventRounds "11"]
[EventCountry "FRA"]
[SourceTitle "EXT 2025"]
[Source "ChessBase"]
[SourceDate "2024.10.14"]
[SourceVersion "1"]
[SourceVersionDate "2024.10.14"]
[SourceQuality "1"]

1. e4 c6 2. c4 d5 3. cxd5 cxd5 4. exd5 Nf6 5. Qa4+ Nbd7 6. Nc3 g6 7. Qb3 Bg7 8. Bc4 0-0 9. Nf3 Nb6 10. d3 Bg4 11. Ne5 Qd6 12. Nxg4 Nxg4 13. h3 Qe5+ 14. Kf1 Nf6 15. Be3 Rfd8 16. Re1 Qd6 17. Nb5 Qd7 18. Bxb6 axb6 19. Nc3 Qd6 20. g3 h5 21. Kg2 h4 22. Ne4 Qc7 23. Re2 hxg3 24. fxg3 Nxe4 25. dxe4 Be5 26. d6 exd6 27. Bxf7+ Qxf7 0-1

[Event "Orsay Blitz op"]
[Site "Europe Echecs INT"]
[Date "2023.09.17"]
[Round "4"]
[White "Rannou, Pascal"]
[Black "Delpech, Frederic"]
[Result "0-1"]
[WhiteElo "1501"]
[BlackElo "2116"]
[PlyCount "82"]
[EventDate "2023.09.17"]
[EventType "swiss (blitz)"]
[EventRounds "11"]
[EventCountry "FRA"]
[SourceTitle "EXT 2025"]
[Source "ChessBase"]
[SourceDate "2024.10.14"]
[SourceVersion "1"]
[SourceVersionDate "2024.10.14"]
[SourceQuality "1"]

1. e4 e5 2. d3 Nf6 3. f4 Nc6 4. f5 d5 5. g4 dxe4 6. g5 Nd7 7. dxe4 Nc5 8. Bg2 Qxd1+ 9. Kxd1 Bd7 10. h4 0-0-0 11. Bd2 g6 12. f6 Nd4 13. Nc3 Bc6 14. Kc1 h6 15. Nf3 Nde6 16. Nxe5 Be8 17. b3 hxg5 18. hxg5 Rxh1+ 19. Bxh1 Bd6 20. Nc4 Bg3 21. Kb2 Bh4 22. Be3 Bxg5 23. Bxg5 Nxg5 24. Nd5 Ngxe4 25. Ne7+ Kb8 26. Bxe4 Nxe4 27. Re1 Nxf6 28. a4 Ng4 29. Ne5 Nxe5 30. Rxe5 f5 31. Re6 f4 32. Nxg6 Bxg6 33. Rxg6 Rf8 34. Rg1 c5 35. Rf1 Kc7 36. Rf3 Kd6 37. Kc3 Ke5 38. Kd3 Rd8+ 39. Ke2 Ke4 40. c4 Rh8 41. Rd3 Rh2+ 0-1

[Event "Orsay Blitz op"]
[Site "Europe Echecs INT"]
[Date "2023.09.17"]
[Round "1"]
[White "Schoenmakers, Anna"]
[Black "Delpech, Frederic"]
[Result "0-1"]
[WhiteElo "1290"]
[BlackElo "2116"]
[PlyCount "54"]
[EventDate "2023.09.17"]
[EventType "swiss (blitz)"]
[EventRounds "11"]
[EventCountry "FRA"]
[SourceTitle "EXT 2025"]
[Source "ChessBase"]
[SourceDate "2024.10.14"]
[SourceVersion "1"]
[SourceVersionDate "2024.10.14"]
[SourceQuality "1"]

1. d4 d5 2. c4 dxc4 3. Nf3 c5 4. e3 Nf6 5. Nc3 e6 6. Bxc4 a6 7. a4 Be7 8. 0-0 0-0 9. h3 Nc6 10. d5 exd5 11. Nxd5 Nxd5 12. Qxd5 Qc7 13. Qd1 b6 14. Qe2 Bb7 15. Rd1 Bf6 16. Bd2 Bxb2 17. Rab1 Bf6 18. a5 b5 19. Bd5 Rad8 20. Be1 Ba8 21. Rbc1 c4 22. Be4 Nxa5 23. Rxd8 Rxd8 24. Bxa8 Rxa8 25. Nd4 Bxd4 26. exd4 Nb3 27. Rc2 Nxd4 0-1

[Event "FRA-chT1 1011"]
[Site "France"]
[Date "2010.11.14"]
[Round "3.3"]
[White "Dijoux, Frederic"]
[Black "Delpech, Frederic"]
[Result "1/2-1/2"]
[WhiteElo "2161"]
[BlackElo "2155"]
[PlyCount "111"]
[EventDate "2010.10.17"]
[EventType "team-tourn"]
[EventRounds "11"]
[EventCountry "FRA"]
[SourceTitle "EXT 2012"]
[Source "ChessBase"]
[SourceDate "2011.11.24"]
[SourceVersion "1"]
[SourceVersionDate "2011.11.24"]
[SourceQuality "1"]

1. Nc3 c5 2. e4 Nc6 3. g3 b6 4. Bg2 Bb7 5. d3 d6 6. f4 Qd7 7. Nf3 g6 8. Be3 Bg7 9. Qd2 f5 10. 0-0 Nf6 11. h3 e6 12. Bf2 0-0 13. Rae1 Rae8 14. exf5 gxf5 15. Kh2 Nb4 16. a3 Nbd5 17. Nd1 b5 18. c4 bxc4 19. dxc4 Ne4 20. Qa5 Nb6 21. b3 Bf6 22. Nd2 Nxf2 23. Rxf2 Bd4 24. Rfe2 Bxg2 25. Rxg2 e5 26. Ne3 Kh8 27. Nc2 exf4 28. gxf4 Rxe1 29. Nxe1 Rg8 30. Ndf3 Rxg2+ 31. Nxg2 Bf6 32. Qe1 d5 33. Ne5 Qe8 34. cxd5 Nxd5 35. Nd3 Qxe1 36. Ngxe1 Be7 37. Kg3 Nb6 38. Ne5 c4 39. Nxc4 Nxc4 40. bxc4 Bxa3 41. Kf3 Kg8 42. Nd3 Bd6 43. Ke3 Kf7 44. Kd4 Ke6 45. Kc3 a6 46. Kb3 Kd7 47. c5 Bc7 48. Kc4 Kc6 49. Nb4+ Kb7 50. Nd5 Bd8 51. Ne3 Bc7 52. Nxf5 Bxf4 53. Kd5 a5 54. Nd4 a4 55. Kc4 a3 56. Kb3 1/2-1/2

[Event "FRA-chT4 0809"]
[Site "France "]
[Date "2009.02.08"]
[Round "5"]
[White "Delpech, Frederic"]
[Black "Bodlet, Frederic"]
[Result "1-0"]
[WhiteElo "2161"]
[BlackElo "2020"]
[PlyCount "45"]
[EventDate "2008.10.??"]
[EventType "team-tourn"]
[EventRounds "9"]
[EventCountry "FRA"]
[SourceTitle "EXT 2010"]
[Source "ChessBase"]
[SourceDate "2010.11.25"]
[SourceVersion "1"]
[SourceVersionDate "2010.11.25"]
[SourceQuality "1"]

1. e4 d6 2. d4 g6 3. Nc3 Bg7 4. Nf3 h6 5. Be3 e6 6. Be2 Ne7 7. Qd2 Nd7 8. 0-0-0 a6 9. g3 b6 10. Rhe1 Bb7 11. Nh4 c5 12. f4 Qc7 13. f5 exf5 14. exf5 0-0-0 15. fxg6 fxg6 16. Bg4 g5 17. dxc5 bxc5 18. Bxg5 hxg5 19. Rxe7 Bf8 20. Rxd7 Rxd7 21. Ng6 Rg8 22. Nxf8 Rxf8 23. Qxd6 1-0

[Event "FRA-chT2 0304a"]
[Site "France"]
[Date "2004.04.04"]
[Round "11.3"]
[White "Delpech, Frederic"]
[Black "Nekam Tchassem, Arnaud"]
[Result "1/2-1/2"]
[WhiteElo "2137"]
[BlackElo "2123"]
[PlyCount "95"]
[EventDate "2003.10.??"]
[EventType "team-tourn"]
[EventRounds "11"]
[EventCountry "FRA"]
[SourceTitle "EXT 2005"]
[Source "ChessBase"]
[SourceDate "2004.11.15"]
[SourceVersion "1"]
[SourceVersionDate "2004.11.15"]
[SourceQuality "1"]
[WhiteTeam "Condom"]
[BlackTeam "Echiquier Nicois II"]
[WhiteTeamCountry "FRA"]
[BlackTeamCountry "FRA"]

1. e4 c5 2. Nf3 d6 3. d4 cxd4 4. Nxd4 Nf6 5. Nc3 a6 6. Be3 Ng4 7. Bg5 h6 8. Bh4 g5 9. Bg3 Bg7 10. Qd2 Nc6 11. Nb3 Be6 12. h4 gxh4 13. Rxh4 b5 14. f3 Nge5 15. Bf2 Rc8 16. Nd5 Ng6 17. 0-0-0 Nxh4 18. Bxh4 Bxd5 19. exd5 Ne5 20. Nd4 Qd7 21. Re1 Rc5 22. Nb3 Rc7 23. f4 Ng6 24. Bf2 Qf5 25. g3 0-0 26. Qd3 Qxd3 27. Bxd3 Re8 28. Nd4 Bxd4 29. Bxd4 Nf8 30. Rh1 e5 31. dxe6 fxe6 32. Rxh6 e5 33. Be3 Re6 34. Rh5 Rg7 35. f5 Re8 36. Bg5 Rh7 37. Bh6 Nd7 38. g4 Nf6 39. Rh4 e4 40. Be2 Kh8 41. g5 Ng8 42. Bh5 Rxh6 43. gxh6 Re5 44. Bf7 e3 45. Kd1 Rxf5 46. Bxg8 Kxg8 47. Re4 Rf1+ 48. Ke2 1/2-1/2

[Event "FRA-chT2 0304"]
[Site "France"]
[Date "2003.12.07"]
[Round "4"]
[White "Delpech, Frederic"]
[Black "Hawkes, John E"]
[Result "1-0"]
[WhiteElo "2110"]
[BlackElo "2050"]
[PlyCount "71"]
[EventDate "2003.10.??"]
[EventType "team-tourn"]
[EventRounds "11"]
[EventCountry "FRA"]
[SourceTitle "EXT 2005"]
[Source "ChessBase"]
[SourceDate "2004.11.15"]
[SourceVersion "1"]
[SourceVersionDate "2004.11.15"]
[SourceQuality "1"]

1. e4 e6 2. d4 c5 3. Nf3 a6 4. Be2 cxd4 5. Nxd4 Qc7 6. 0-0 Nf6 7. Bf3 Nc6 8. Nxc6 dxc6 9. Qe2 e5 10. c4 Be6 11. Be3 Nd7 12. Nc3 Bb4 13. Rac1 Bxc3 14. Rxc3 c5 15. a3 0-0 16. Bg4 a5 17. Bxe6 fxe6 18. Rd1 Nf6 19. f3 Rfd8 20. Rcd3 Rd4 21. Bxd4 exd4 22. e5 Nd7 23. f4 Rf8 24. Rf3 a4 25. Re1 g6 26. g4 Qc6 27. Rf2 b5 28. f5 bxc4 29. Qxc4 Nb6 30. Qf1 exf5 31. gxf5 gxf5 32. e6 Qe8 33. e7 Rf6 34. Rg2+ Kh8 35. Qf4 Nd7 36. Qc7 1-0

[Event "FRA-chT2 0304a"]
[Site "France"]
[Date "2003.11.16"]
[Round "3.6"]
[White "Delpech, Frederic"]
[Black "Dubreuil, Julien"]
[Result "1-0"]
[WhiteElo "2110"]
[BlackElo "2196"]
[PlyCount "161"]
[EventDate "2003.10.??"]
[EventType "team-tourn"]
[EventRounds "11"]
[EventCountry "FRA"]
[SourceTitle "EXT 2005"]
[Source "ChessBase"]
[SourceDate "2004.11.15"]
[SourceVersion "1"]
[SourceVersionDate "2004.11.15"]
[SourceQuality "1"]
[WhiteTeam "Condom"]
[BlackTeam "Lyon Olympique"]
[WhiteTeamCountry "FRA"]
[BlackTeamCountry "FRA"]

1. e4 e5 2. Nf3 Nc6 3. Nc3 Nf6 4. d4 Bb4 5. Nxe5 0-0 6. Qd3 Re8 7. Bd2 Nxd4 8. Qxd4 c5 9. Qd3 Rxe5 10. 0-0-0 d5 11. Nxd5 Nxd5 12. Bxb4 cxb4 13. f4 Re8 14. Qxd5 Qb6 15. f5 Rb8 16. Bc4 Qc7 17. Bb5 Rf8 18. Qd6 Qxd6 19. Rxd6 b6 20. Rhd1 Bb7 21. Bc6 h5 22. Bxb7 Rxb7 23. Rd7 Rxd7 24. Rxd7 Re8 25. Rd4 a5 26. Kd2 g6 27. Rd6 gxf5 28. exf5 Re5 29. Rxb6 Rxf5 30. Rb8+ Kg7 31. Re8 Rd5+ 32. Ke2 Rc5 33. Kd1 Rd5+ 34. Ke1 Rc5 35. Re2 Kg6 36. Kf2 f6 37. Ke3 Rd5 38. c4 bxc3 39. bxc3 a4 40. Rd2 Rc5 41. Kd4 Rc8 42. c4 Kf7 43. Re2 Rd8+ 44. Kc5 Rc8+ 45. Kb4 a3 46. c5 Rb8+ 47. Kxa3 Rb5 48. Rc2 Ke7 49. c6 Kd8 50. c7+ Kc8 51. g3 h4 52. gxh4 Re5 53. Kb4 Re4+ 54. Rc4 Re2 55. a4 Rb2+ 56. Kc3 Rxh2 57. Kd3 f5 58. Ke3 Rh3+ 59. Kf2 f4 60. Rxf4 Kxc7 61. Kg2 Re3 62. h5 Re6 63. Rh4 Rh6 64. Kg3 Kd7 65. Kg4 Ke7 66. Kg5 Ra6 67. h6 Kf7 68. Rf4+ Kg8 69. Kf5 Rxh6 70. Ke5 Rc6 71. Kd5 Rc1 72. Kd6 Kg7 73. a5 Ra1 74. Rf5 Rc1 75. Rc5 Ra1 76. Kc7 Kf7 77. Rb5 Ke7 78. Kb7 Kd6 79. a6 Rg1 80. a7 Rg7+ 81. Ka6 1-0

[Event "FRA-chT2"]
[Site "France"]
[Date "2001.12.??"]
[Round "4"]
[White "Gallice, Francois"]
[Black "Delpech, Frederic"]
[Result "0-1"]
[WhiteElo "1780"]
[BlackElo "2080"]
[PlyCount "80"]
[EventDate "2002.??.??"]
[EventType "team-tourn"]
[EventRounds "11"]
[EventCountry "FRA"]
[SourceTitle "EXT 2003"]
[Source "ChessBase"]
[SourceDate "2002.11.25"]
[SourceVersion "1"]
[SourceVersionDate "2002.11.25"]
[SourceQuality "1"]

1. Nf3 d5 2. c4 e6 3. g3 Nf6 4. Bg2 c6 5. b3 a5 6. Bb2 Be7 7. 0-0 a4 8. cxd5 exd5 9. bxa4 0-0 10. d3 Qb6 11. Bc3 Qa6 12. a5 c5 13. e3 Nc6 14. Ne5 Nxe5 15. Bxe5 Qxa5 16. Nc3 Be6 17. Qb3 Ng4 18. Nxd5 Bxd5 19. Qxd5 Nxe5 20. Qxe5 Bf6 21. Qf5 Bxa1 22. Rxa1 Qc3 23. Rb1 Rxa2 24. Bd5 Ra1 25. Rxa1 Qxa1+ 26. Kg2 b5 27. Bc6 b4 28. Bd5 Qc3 29. Bc4 b3 30. Qxc5 b2 31. Qb5 Qc1 32. Ba2 Qa1 33. Qb3 h6 34. e4 Kh8 35. d4 Ra8 36. Qxf7 Qxa2 37. d5 b1Q 38. e5 Qe2 39. Kh3 Qbf1+ 40. Kh4 g5# 0-1